000
00214nam a22000977a 4500
003
OSt
008
210114b ||||| |||| 00| 0 eng d
100
_a
Hari sharma, A. T
_9
4862
245
_a
Bhasha kavikal
942
_c
BK
999
_c
16535
_d
16535